000 00927nam a22002057a 4500
003 OSt
005 20170426155702.0
008 150407b xxu||||| |||| 00| 0 eng d
040 _cCRI
082 _a808.0607
100 _941115
_aLópez de Aragon, Irma Yaneth
245 1 0 _aMi primer libro de guiones de clases de matemática octavo grado de educación básica
_b: Proyecto
_cBr. Irma Yaneth López de Aragon, Br.Alcides Melendez Gómez
260 _aIlobasco (Cabañas)
_bUniversidad Católica de El Salvador
_c2012
300 _a119 p.
_c27 cm
_e+ 1 disco compacto
502 _aTrabajo de graduación para optar al grado académico de Licenciado/a en Ciencias de la Educación Especialidad en Matemática
650 0 _916170
_aRedacción
_xDidáctica
700 _941116
_aMeléndez Gómez, Alcides
710 _940915
_aUniversidad Católica de El Salvador
_bCentro Regional de Ilobasco
942 _2ddc
_cTG
_hprozim
999 _c27595
_d27595